000 00519nam a2200181 i 4500
001 70358
003 ES-MaACL
005 20230906170810.0
007 t|
008 040722s1970 sp ||||1| spa d
100 1 _aGarcía-Salve, Francisco.
_955252
245 1 0 _aCuentos para el pueblo /
_cFrancisco García-Salve e Ignacio Viar.
250 _a[2ª ed.].
260 _a[Algorta (Vizcaya) :
_bZero,
_c1970]
300 _a79 p. ;
_c17 cm.
700 1 _aViar, Ignacio.
_9114293
852 _aES-MaACL
_jC-47141
_bR.76049
999 _c70358
_d70358